| 000 | 00633nam a2200229Ia 4500 | ||
|---|---|---|---|
| 008 | 180523s9999 xx 000 0 und d | ||
| 020 | _a81-7929-054-9 | ||
| 050 | _aMAIN HD 62.4 | ||
| 050 | _b.B57 2003 c.1 | ||
| 100 | _aBirkin, Malcolm. | ||
| 245 | 0 | _aHow to build an integrated company / | |
| 245 | 0 | _cMalcolm Birkin. | |
| 260 | _aNew Delhi : | ||
| 260 | _bInfinity Books, | ||
| 260 | _c2003 | ||
| 300 | _a215 pages : | ||
| 300 | _c22 cm. | ||
| 500 | _aIncludes index. | ||
| 650 | _aComparative management. | ||
| 650 | _aInternational business enterprises -- Management. | ||
| 650 | _xOrganizational effectiveness. | ||
| 999 |
_c356938 _d356938 |
||